[Event "EYg18, Budva YUG"]
[Site "?"]
[Date "2003.??.??"]
[Round "7"]
[White "Muhren, B."]
[Black "Verot, M."]
[Result "0-1"]
[WhiteElo "2110"]
[BlackElo "2095"]
[PlyCount "125"]
[EventDate "2003.??.??"]

1. e4 c5 2. Nf3 d6 3. d4 cxd4 4. Nxd4 Nf6 5. Nc3 a6 6. Be3 b5 7. a3 Bb7 8. Bd3
Nbd7 9. O-O Nc5 10. f3 g6 11. Nb3 Nfd7 12. Qe1 Bg7 13. Rd1 Rc8 14. Bd4 Ne5 15.
Bxc5 dxc5 16. Bxb5+ axb5 17. Rxd8+ Rxd8 18. Nxb5 Rc8 19. Qe2 c4 20. Nd2 Ba6 21.
a4 O-O 22. f4 Nc6 23. c3 Na5 24. e5 Rfd8 25. Ne4 Bb7 26. Nd4 Bd5 27. Ng5 h6 28.
Ngf3 e6 29. g4 Nb7 30. f5 Nc5 31. Qf2 Nd3 32. Qe3 Rb8 33. b4 Re8 34. f6 Bf8 35.
Nh4 Kh7 36. Ra1 Nxb4 37. cxb4 Rxb4 38. Nb5 c3 39. h3 c2 40. Rc1 Rb1 41. Nd6
Reb8 42. Kf2 Rxc1 43. Qxc1 Bb3 44. Nf3 Bxa4 45. Nd2 Rb6 46. Ke3 Bxd6 47. exd6
Rxd6 48. Qa3 Bb5 49. Qc1 Ba4 50. Qa3 Bb5 51. Qc1 Ba4 52. h4 Rc6 53. Ne4 Bb3 54.
g5 h5 55. Kd3 Rc7 56. Nd2 Ba4 57. Ke3 Rc8 58. Ne4 Bb3 59. Ke2 Bc4+ 60. Kd2 Rd8+
61. Kc3 Bd3 62. Nd2 Bf5 63. Qa3 0-1

[Event "EYg18, Budva YUG"]
[Site "?"]
[Date "2003.??.??"]
[Round "7"]
[White "Huisman, C."]
[Black "Doibani, L."]
[Result "0-1"]
[WhiteElo "1995"]
[BlackElo "2050"]
[PlyCount "48"]
[EventDate "2003.??.??"]

1. Nf3 c5 2. g3 Nc6 3. Bg2 g6 4. O-O Bg7 5. d3 d6 6. e4 e5 7. Nfd2 Be6 8. Nc3
Nge7 9. Nc4 O-O 10. f4 Rb8 11. Nb5 d5 12. Nxe5 Nxe5 13. fxe5 Bxe5 14. Bh6 Re8
15. Bf4 Bxf4 16. Rxf4 dxe4 17. Bxe4 Qb6 18. a4 a6 19. Na3 Qxb2 20. Qf1 Qd4+ 21.
Kh1 Nd5 22. Rh4 Ne3 23. Qc1 Bd5 24. c3 Qxd3 0-1

[Event "EYg18, Budva YUG"]
[Site "?"]
[Date "2003.??.??"]
[Round "7"]
[White "Svent, S."]
[Black "Valickova, M."]
[Result "1/2-1/2"]
[WhiteElo "1960"]
[BlackElo "2045"]
[PlyCount "53"]
[EventDate "2003.??.??"]

1. e4 e5 2. Nf3 Nc6 3. Nc3 Nf6 4. d4 exd4 5. Nxd4 Bb4 6. Nxc6 bxc6 7. Bd3 d5 8.
exd5 cxd5 9. O-O O-O 10. Bg5 c6 11. Qf3 Bd6 12. Bxf6 Qxf6 13. Qxf6 gxf6 14.
Rae1 Rb8 15. Nd1 Be5 16. c3 c5 17. f4 Bd6 18. b3 d4 19. cxd4 cxd4 20. Nb2 Be6
21. Nc4 Bb4 22. Rd1 Bd5 23. Nd2 Rfe8 24. Nf3 Bxf3 25. Rxf3 Re3 26. Rxe3 dxe3
27. Kf1 1/2-1/2

[Event "EYg18, Budva YUG"]
[Site "?"]
[Date "2003.??.??"]
[Round "8"]
[White "Vozovic, O."]
[Black "Pogonina, N."]
[Result "1/2-1/2"]
[WhiteElo "2360"]
[BlackElo "2340"]
[PlyCount "162"]
[EventDate "2003.??.??"]

1. e4 c5 2. Nf3 d6 3. d4 cxd4 4. Nxd4 Nf6 5. Nc3 g6 6. Be2 Bg7 7. Be3 O-O 8.
Nb3 Nc6 9. f4 Be6 10. g4 Rc8 11. g5 Nd7 12. h4 Nb6 13. h5 Re8 14. hxg6 hxg6 15.
Qd2 Qd7 16. Rh4 Red8 17. O-O-O Nc4 18. Bxc4 Bxc4 19. Rdh1 f5 20. gxf6 exf6 21.
Qg2 Qf7 22. Rg1 Kf8 23. Qxg6 Qxg6 24. Rxg6 a6 25. Rh7 Rd7 26. Rxf6+ Kg8 27.
Rfh6 Re7 28. Rh3 Bxc3 29. Rxe7 Bxb2+ 30. Kxb2 Nxe7 31. Bd4 Ng6 32. Rh6 Bf7 33.
Bf6 Kf8 34. f5 Ne7 35. Rh8+ Ng8 36. e5 dxe5 37. Bxe5 Rc6 38. Rh7 Ke8 39. Rh3
Ke7 40. f6+ Ke8 41. Rf3 Kd7 42. Bd4 Ke8 43. Re3+ Kd8 44. Rf3 Ke8 45. c3 Bd5 46.
Rf5 Be6 47. Rf4 Kf7 48. Nc5 b5 49. Nd3 Rc8 50. Ne5+ Kf8 51. Rf2 Nh6 52. Rh2 Nf7
53. Ng6+ Ke8 54. Nf4 Bc4 55. Rh1 Kd7 56. Rd1 Kc6 57. Ng6 Kb7 58. Ne7 Rh8 59.
Rd2 Rh5 60. Rg2 Rh3 61. Ng6 Rh5 62. Rd2 Rf5 63. Ne7 Rf3 64. Rh2 Rf1 65. Rh7 Re1
66. Nf5 Re2+ 67. Kc1 Kc6 68. Ne7+ Kd7 69. a3 a5 70. Ng6 Kd6 71. Nf4 Re4 72. Ng6
b4 73. axb4 axb4 74. Rh2 b3 75. Kb2 Ke6 76. Nf8+ Kd6 77. Nh7 Rg4 78. Nf8 Rg8
79. Nh7 Ra8 80. Rd2 Ra2+ 81. Kc1 Ra1+ 1/2-1/2

[Event "EYg18, Budva YUG"]
[Site "?"]
[Date "2003.??.??"]
[Round "8"]
[White "Korbut, E."]
[Black "Kursova, M."]
[Result "0-1"]
[WhiteElo "2315"]
[BlackElo "2260"]
[PlyCount "136"]
[EventDate "2003.??.??"]

1. e4 c5 2. Nf3 e6 3. c3 Nf6 4. e5 Nd5 5. d4 cxd4 6. cxd4 d6 7. Bc4 Nc6 8. O-O
Be7 9. Qe2 O-O 10. Qe4 Qc7 11. Re1 Bd7 12. Ng5 Bxg5 13. Bxg5 dxe5 14. dxe5 Nde7
15. Bf4 Ng6 16. Bg3 Nce7 17. Nd2 Bc6 18. Qe2 Nf5 19. Rac1 Qb6 20. b3 Rad8 21.
Nf3 Qa5 22. a4 a6 23. Ng5 h6 24. Nf3 Nge7 25. Bf4 Qb6 26. Rcd1 g5 27. Bc1 Ng6
28. Rd3 Rxd3 29. Qxd3 Rd8 30. Qc3 Bxf3 31. Qxf3 Qa5 32. Rd1 Nxe5 33. Rxd8+ Qxd8
34. Qe2 Nxc4 35. bxc4 Qb6 36. Bb2 Nd4 37. Qd2 e5 38. h4 f6 39. hxg5 hxg5 40.
Bxd4 exd4 41. Qd3 Kg7 42. Kf1 Qb2 43. a5 Qa1+ 44. Ke2 Qxa5 45. Qxd4 Qe5+ 46.
Kd3 Qxd4+ 47. Kxd4 b6 48. Kd5 a5 49. c5 bxc5 50. Kxc5 Kg6 51. Kb5 Kf5 52. Kxa5
Ke4 53. Kb5 Kd3 54. Kc5 Ke2 55. f4 Kf2 56. f5 Kxg2 57. Kd5 g4 58. Ke6 g3 59.
Kxf6 Kf3 60. Ke7 g2 61. f6 g1=Q 62. f7 Qe3+ 63. Kf8 Kg4 64. Kg8 Qe6 65. Kh8
Qc8+ 66. Kg7 Qd7 67. Kg8 Kg5 68. Kg7 Qe7 0-1

[Event "EYg18, Budva YUG"]
[Site "?"]
[Date "2003.??.??"]
[Round "8"]
[White "Hasanova, E."]
[Black "Ciobanu, C."]
[Result "1-0"]
[WhiteElo "2210"]
[BlackElo "2250"]
[PlyCount "119"]
[EventDate "2003.??.??"]

1. d4 f5 2. Nc3 d5 3. Bg5 c6 4. e3 Qb6 5. Na4 Qa5+ 6. Nc3 Nd7 7. h4 e5 8. dxe5
Nxe5 9. Qd4 Nf7 10. O-O-O h6 11. Bf4 Nf6 12. Kb1 Bc5 13. Qd2 Bb4 14. f3 O-O 15.
Nge2 Nd7 16. a3 Be7 17. Qe1 Kh8 18. g4 Nde5 19. gxf5 Bxf5 20. Nd4 Bh7 21. Qg3
Bf6 22. e4 dxe4 23. Nxe4 Rad8 24. Bh3 Rxd4 25. Rxd4 Nxf3 26. Nxf6 Bxc2+ 27.
Kxc2 Nxd4+ 28. Kb1 gxf6 29. Rg1 Ng5 30. hxg5 hxg5 31. Qd3 Qd5 32. Bg2 Qd7 33.
Bh3 Qh7 34. Qxh7+ Kxh7 35. Rd1 gxf4 36. Rxd4 Kg6 37. Rxf4 f5 38. Kc2 Kg5 39.
Ra4 a6 40. Kd2 Kf6 41. Ra5 Ke6 42. Ke3 Kd6 43. Rxf5 Re8+ 44. Kd3 Re7 45. Rf4
Rh7 46. Bg2 Rg7 47. Be4 Rg3+ 48. Rf3 Rg7 49. b4 Ke5 50. Rf5+ Kd6 51. Kd4 Re7
52. Rh5 Kc7 53. Rh7 Rxh7 54. Bxh7 Kb6 55. Bd3 a5 56. Ke5 axb4 57. axb4 Kc7 58.
Ke6 b5 59. Be4 c5 60. bxc5 1-0

[Event "EYg18, Budva YUG"]
[Site "?"]
[Date "2003.??.??"]
[Round "8"]
[White "Motoc, A."]
[Black "Mijovic, A."]
[Result "1-0"]
[WhiteElo "2385"]
[BlackElo "2085"]
[PlyCount "81"]
[EventDate "2003.??.??"]

1. b3 c5 2. Bb2 Nc6 3. e3 Nf6 4. f4 d5 5. Bb5 Bg4 6. Nf3 Qb6 7. Bxc6+ Qxc6 8.
h3 Bf5 9. Ne5 Qc7 10. d3 h5 11. Nd2 e6 12. Ndf3 Qa5+ 13. Qd2 Qxd2+ 14. Kxd2 Nd7
15. g4 Nxe5 16. Nxe5 Bh7 17. Rag1 f6 18. Nf3 Kf7 19. g5 Be7 20. Nh4 Bf5 21. Ke2
Rhf8 22. g6+ Ke8 23. Kf3 Rh8 24. Rg3 Kd7 25. Kf2 Rhg8 26. Re1 Bd8 27. Rd1 Kc6
28. c4 dxc4 29. e4 cxb3 30. axb3 Bb6 31. exf5 c4+ 32. d4 e5 33. fxe5 fxe5 34.
Nf3 exd4 35. Nxd4+ Bxd4+ 36. Rxd4 cxb3 37. Rc3+ Kb6 38. Rb4+ Ka6 39. Rbxb3 b5
40. Rc7 Raf8 41. Rf3 1-0

[Event "EYg18, Budva YUG"]
[Site "?"]
[Date "2003.??.??"]
[Round "8"]
[White "Kadziolka, B."]
[Black "Costantini, L."]
[Result "1-0"]
[WhiteElo "2255"]
[BlackElo "2075"]
[PlyCount "65"]
[EventDate "2003.??.??"]

1. e4 c5 2. Nf3 d6 3. d4 cxd4 4. Nxd4 Nf6 5. f3 e6 6. c4 Be7 7. Be3 a6 8. Nc3
O-O 9. Be2 Nbd7 10. O-O Re8 11. Qd2 Ne5 12. Kh1 Bf8 13. Rfd1 b6 14. a4 Bb7 15.
a5 Rc8 16. axb6 Nxc4 17. Bxc4 Rxc4 18. Nb3 Qe7 19. Na5 Rcc8 20. Qd3 Ra8 21. Bg5
Reb8 22. Bxf6 gxf6 23. Ra4 Qd7 24. Qe3 Bg7 25. Rad4 Bf8 26. e5 fxe5 27. Qg5+
Bg7 28. Rxd6 Qe8 29. Nxb7 f6 30. Qg3 Rxb7 31. Ne4 Kh8 32. Nc5 Re7 33. b7 1-0

[Event "EYg18, Budva YUG"]
[Site "?"]
[Date "2003.??.??"]
[Round "8"]
[White "Seps, M."]
[Black "Worek, J."]
[Result "0-1"]
[WhiteElo "2075"]
[BlackElo "2240"]
[PlyCount "94"]
[EventDate "2003.??.??"]

1. e4 c6 2. d4 d5 3. Nc3 dxe4 4. Nxe4 Nf6 5. Nxf6+ gxf6 6. Nf3 Bg4 7. Be3 Qb6
8. Be2 Rg8 9. O-O e6 10. Nd2 Bxe2 11. Qxe2 Qc7 12. c4 Nd7 13. g3 f5 14. Kh1 Nf6
15. a3 h5 16. b4 h4 17. b5 hxg3 18. fxg3 cxb5 19. cxb5 Qd7 20. Qf3 Ng4 21. Rae1
Rh8 22. Bg1 Be7 23. d5 Rd8 24. dxe6 Qxd2 25. exf7+ Kf8 26. Re2 Qd5 27. Qxd5
Rxd5 28. Rc1 Nf6 29. Rc8+ Bd8 30. Bxa7 Kxf7 31. Rb8 Rxb5 32. Rd2 Ba5 33. Rxh8
Bxd2 34. Rc8 Nd5 35. Bc5 Be3 36. Bxe3 Nxe3 37. h4 Rb3 38. Kg1 Ng4 39. Kf1 Ke6
40. Rc7 Rxa3 41. Rxb7 Rxg3 42. Rh7 Kf6 43. Rh8 Kg7 44. Rh5 Nh6 45. Kf2 Rg4 46.
Rg5+ Rxg5 47. hxg5 Nf7 0-1

[Event "EYg18, Budva YUG"]
[Site "?"]
[Date "2003.??.??"]
[Round "8"]
[White "Belko, I."]
[Black "Gregorova, Z."]
[Result "1/2-1/2"]
[WhiteElo "2015"]
[BlackElo "2195"]
[PlyCount "68"]
[EventDate "2003.??.??"]

1. d4 c5 2. e3 Nf6 3. Nf3 g6 4. Bd3 Bg7 5. c3 b6 6. Nbd2 O-O 7. O-O d5 8. Qe2
Nc6 9. dxc5 bxc5 10. e4 e6 11. Rd1 Bb7 12. Nf1 Qc7 13. Ng3 Ng4 14. h3 Nge5 15.
Bf4 Nxf3+ 16. Qxf3 Ne5 17. Qe2 Qb6 18. exd5 Nxd3 19. Qxd3 exd5 20. Qd2 Rfe8 21.
Re1 Qc6 22. f3 Rxe1+ 23. Rxe1 Re8 24. Rxe8+ Qxe8 25. Qe2 Qd7 26. Kf1 d4 27.
cxd4 Qxd4 28. Be3 Qxb2 29. Qxb2 Bxb2 30. Bxc5 a6 31. Ne2 Bd5 32. a3 Kg7 33. Kf2
Kf6 34. Ke3 Ke6 1/2-1/2

[Event "EYg18, Budva YUG"]
[Site "?"]
[Date "2003.??.??"]
[Round "8"]
[White "Doibani, L."]
[Black "Meshcheriakova, E."]
[Result "1/2-1/2"]
[WhiteElo "2050"]
[BlackElo "2255"]
[PlyCount "78"]
[EventDate "2003.??.??"]

1. e4 c5 2. Nf3 a6 3. c3 e6 4. d4 d5 5. exd5 exd5 6. Be2 c4 7. O-O Bd6 8. Bg5
Ne7 9. Nbd2 Qc7 10. Re1 O-O 11. Nf1 Ng6 12. Nh4 Nf4 13. Bxf4 Bxf4 14. Bg4 Nd7
15. Nf5 Nf6 16. Ne7+ Kh8 17. Bxc8 Bd6 18. Nxd5 Nxd5 19. Bf5 g6 20. Be4 Nf4 21.
Qf3 Rab8 22. g3 Nh3+ 23. Kg2 f5 24. Bd5 Ng5 25. Qe2 f4 26. f3 Rf5 27. Be4 Re8
28. Qc2 Rf7 29. g4 Nxe4 30. Rxe4 Rxe4 31. Qxe4 Re7 32. Qc2 Re6 33. Rd1 Qe7 34.
Rd2 Re1 35. Rf2 b5 36. Nd2 Re2 37. Qd1 Re1 38. Qc2 Re2 39. Qd1 Re1 1/2-1/2

[Event "EYg18, Budva YUG"]
[Site "?"]
[Date "2003.??.??"]
[Round "8"]
[White "Verot, M."]
[Black "Haecker, S."]
[Result "0-1"]
[WhiteElo "2095"]
[BlackElo "1985"]
[PlyCount "100"]
[EventDate "2003.??.??"]

1. d4 d5 2. Nf3 Nf6 3. e3 c6 4. c4 e6 5. Bd3 Bd6 6. Nbd2 Nbd7 7. e4 dxe4 8.
Nxe4 Nxe4 9. Bxe4 O-O 10. O-O Re8 11. Re1 h6 12. Bc2 c5 13. Qd3 Nf6 14. Be3 b6
15. b4 cxd4 16. Nxd4 Bxb4 17. Red1 Bc5 18. Bxh6 Qxd4 19. Qxd4 Bxd4 20. Rxd4
gxh6 21. Ba4 Rf8 22. Rad1 Ba6 23. Rf4 Kg7 24. Rd3 Ng8 25. Rg3+ Kh8 26. h3 Rac8
27. Rgg4 e5 28. Rf5 Rc5 29. Re4 Bxc4 30. Rexe5 Rxe5 31. Rxe5 Bxa2 32. Bb5 Rc8
33. Re4 Rc5 34. Rb4 Nf6 35. Bd3 Kg7 36. Kh2 h5 37. Ra4 Ra5 38. Rb4 Nd5 39. Rh4
Nc3 40. g4 Rd5 41. Bf5 hxg4 42. hxg4 b5 43. Rh7+ Kf6 44. Rh6+ Ke5 45. Ra6 b4
46. Rxa7 Rb5 47. Re7+ Kf6 48. Rc7 Nd5 49. Bd3 Nxc7 50. Bxb5 Nxb5 0-1

[Event "EYg18, Budva YUG"]
[Site "?"]
[Date "2003.??.??"]
[Round "8"]
[White "Andriasian, S."]
[Black "Ahmatovic, M."]
[Result "1-0"]
[WhiteElo "2160"]
[BlackElo "2030"]
[PlyCount "53"]
[EventDate "2003.??.??"]

1. e4 d5 2. exd5 Nf6 3. d4 Nxd5 4. c4 Nb6 5. Nc3 e5 6. d5 c6 7. Nf3 Bb4 8. Qb3
Qe7 9. Be2 O-O 10. O-O Bxc3 11. bxc3 Rd8 12. Ba3 Qf6 13. Rfd1 e4 14. Nd2 cxd5
15. cxd5 e3 16. Ne4 exf2+ 17. Nxf2 Qe5 18. Bf3 N8d7 19. c4 Nf6 20. Re1 Qg5 21.
Be7 Re8 22. Ne4 Qg6 23. Bxf6 Rxe4 24. Rxe4 Bf5 25. Re7 Qxf6 26. Rae1 h6 27. c5
1-0

[Event "EYg18, Budva YUG"]
[Site "?"]
[Date "2003.??.??"]
[Round "8"]
[White "Svent, S."]
[Black "Dedijer, S."]
[Result "1-0"]
[WhiteElo "1960"]
[BlackElo "2085"]
[PlyCount "75"]
[EventDate "2003.??.??"]

1. e4 e6 2. d4 d5 3. Nc3 Nf6 4. Bg5 Be7 5. e5 Nfd7 6. h4 Bxg5 7. hxg5 Qxg5 8.
Qd3 f5 9. exf6 Nxf6 10. Nb5 Na6 11. Nf3 Qf5 12. Qc3 Ne4 13. Qa3 Ng5 14. Ne5
Qe4+ 15. Be2 Rf8 16. Qg3 h6 17. Nd3 Bd7 18. a4 Rf6 19. Rh4 Qh7 20. f3 Nf7 21.
O-O-O c6 22. Nc7+ Nxc7 23. Qxc7 g5 24. Qxb7 Rc8 25. Rh2 Qf5 26. Rdh1 e5 27.
dxe5 Nxe5 28. Nc5 Qf4+ 29. Kb1 g4 30. Nxd7 Nxd7 31. Qxc8+ Ke7 32. fxg4 Qd2 33.
Bf3 Re6 34. Qh8 Re1+ 35. Rxe1+ Qxe1+ 36. Ka2 Qb4 37. Qc3 Qxa4+ 38. Qa3+ 1-0

[Event "EYg18, Budva YUG"]
[Site "?"]
[Date "2003.??.??"]
[Round "8"]
[White "Detelic, M."]
[Black "Huisman, C."]
[Result "1/2-1/2"]
[WhiteElo "1920"]
[BlackElo "1995"]
[PlyCount "94"]
[EventDate "2003.??.??"]

1. d4 d5 2. c4 Bf5 3. Nc3 e6 4. cxd5 exd5 5. Bf4 Nf6 6. Nf3 c6 7. e3 Qb6 8. Qb3
Qxb3 9. axb3 Bc2 10. Bxb8 Rxb8 11. Rxa7 Bxb3 12. Bd3 Ne4 13. Nxe4 dxe4 14. Bxe4
Bb4+ 15. Ke2 O-O 16. Nd2 Be6 17. Rc1 Rfd8 18. Rc2 f6 19. Bd3 Bg4+ 20. f3 Bd7
21. Nb3 b6 22. e4 Bd6 23. g3 Rbc8 24. Ke3 c5 25. dxc5 bxc5 26. Bc4+ Kf8 27. Rd2
Be8 28. f4 Bg6 29. g4 Rb8 30. g5 Rxb3+ 31. Bxb3 Bxf4+ 32. Kxf4 Rxd2 33. Ra8+
Ke7 34. Ra7+ Kd8 35. gxf6 gxf6 36. Bd5 Rxb2 37. Ra8+ Kc7 38. Ra7+ Kc8 39. Ra8+
Rb8 40. Ra5 Rb2 41. Rxc5+ Kd8 42. Kg3 Re2 43. Rc4 Ke7 44. h4 Re3+ 45. Kg2 Kd8
46. Ra4 Kd7 47. Ra7+ Ke8 1/2-1/2

[Event "EYg18, Budva YUG"]
[Site "?"]
[Date "2003.??.??"]
[Round "8"]
[White "Elek, M."]
[Black "Tuvic, N."]
[Result "0-1"]
[WhiteElo "1975"]
[BlackElo "2005"]
[PlyCount "120"]
[EventDate "2003.??.??"]

1. e4 c5 2. c3 d5 3. exd5 Qxd5 4. d4 Nc6 5. Na3 cxd4 6. Nb5 Qe5+ 7. Be2 dxc3 8.
Nf3 Qb8 9. O-O a6 10. Nxc3 Nf6 11. Re1 e6 12. g3 Bd6 13. Bg5 b5 14. Bxf6 gxf6
15. Ne4 Ke7 16. Qc2 Nb4 17. Qd2 Nd5 18. Nd4 Bb7 19. Nxd6 Kxd6 20. Bh5 Qc7 21.
Rac1 Qd7 22. Rcd1 Rae8 23. Nb3 Kc7 24. Qa5+ Kb8 25. Nc5 Qc6 26. Ne4 Re7 27. Bf3
Qc7 28. Qa3 b4 29. Qd3 f5 30. Nd2 h5 31. Bxd5 Bxd5 32. Qd4 Rhe8 33. Qxb4+ Qb7
34. Qxb7+ Kxb7 35. a3 h4 36. Nf1 f4 37. Rd4 fxg3 38. fxg3 Rg8 39. Rf4 f5 40.
Kf2 hxg3+ 41. hxg3 Reg7 42. Rb4+ Ka7 43. Rc1 Be4 44. Rd1 Rc8 45. Ne3 Rh7 46.
Nf1 Rc2+ 47. Ke3 Bd5 48. Kd3 Rg2 49. Rc1 Be4+ 50. Ke3 Rd7 51. Kf4 Bd3 52. Ne3
Rf2+ 53. Ke5 Re2 54. Kxe6 Rb7 55. Rxb7+ Kxb7 56. Rc3 Rxe3+ 57. Kd5 Be4+ 58. Kd4
Rxc3 59. Kxc3 Kb6 60. Kd4 Bf3 0-1

[Event "EYg18, Budva YUG"]
[Site "?"]
[Date "2003.??.??"]
[Round "9"]
[White "Pogonina, N."]
[Black "Kadziolka, B."]
[Result "1-0"]
[WhiteElo "2340"]
[BlackElo "2255"]
[PlyCount "125"]
[EventDate "2003.??.??"]

1. e4 c5 2. Nf3 d6 3. d4 cxd4 4. Nxd4 Nf6 5. Nc3 Bd7 6. Be2 e5 7. Ndb5 Bc6 8.
Bg5 a6 9. Na3 Nbd7 10. Nc4 h6 11. Bxf6 Nxf6 12. Bf3 b5 13. Ne3 Be7 14. O-O O-O
15. Ncd5 Nxd5 16. Nxd5 Bxd5 17. Qxd5 Rc8 18. c3 Qb6 19. Qd2 a5 20. a3 Rc4 21.
Qd3 Rfc8 22. Bd1 a4 23. Bg4 Rd8 24. Bf3 Rdc8 25. Rfd1 R4c5 26. Qe2 Bd8 27. Rd3
Qb8 28. Rad1 R8c6 29. g3 Bc7 30. Bg4 Qe8 31. Rd5 Bb8 32. Bh3 Qd8 33. Bf1 Qb6
34. Kg2 Ba7 35. R1d2 Rxd5 36. Rxd5 Rc5 37. Rd2 Qc6 38. Kg1 Qb6 39. Qd3 Bb8 40.
Qf3 Ba7 41. Qd1 Bb8 42. Be2 Qc6 43. Rd5 g6 44. Rxc5 Qxc5 45. Qd5 Qc7 46. Bxb5
Ba7 47. Qc6 Qa5 48. Bxa4 Kg7 49. b4 Qd8 50. Qb7 Bb8 51. Bb3 Qc7 52. Qxc7 Bxc7
53. Kf1 Kf6 54. Ke2 Ke7 55. a4 f5 56. f3 fxe4 57. fxe4 g5 58. h3 Bd8 59. Bd5
Kd7 60. Kd3 Bc7 61. Kc4 Bd8 62. Kb5 Bc7 63. Ka6 1-0

[Event "EYg18, Budva YUG"]
[Site "?"]
[Date "2003.??.??"]
[Round "9"]
[White "Kursova, M."]
[Black "Vozovic, O."]
[Result "1-0"]
[WhiteElo "2260"]
[BlackElo "2360"]
[PlyCount "151"]
[EventDate "2003.??.??"]

1. d4 Nf6 2. Nf3 c5 3. d5 d6 4. Nc3 g6 5. e4 Bg7 6. Be2 O-O 7. O-O Na6 8. h3
Nc7 9. a4 b6 10. Re1 Bb7 11. Bc4 a6 12. Bf4 Nh5 13. Bh2 b5 14. axb5 axb5 15.
Nxb5 Nxb5 16. Bxb5 Bxb2 17. Rb1 Bc3 18. Re3 Qa5 19. e5 dxe5 20. Bxe5 Bxe5 21.
Nxe5 Qc7 22. c4 Nf6 23. Qe2 Bc8 24. Rd1 Qd6 25. Nc6 Ba6 26. Nxe7+ Kg7 27. Rg3
Kh8 28. Bxa6 Rxa6 29. Nc6 Rfa8 30. Rf3 Kg7 31. g3 h5 32. h4 Re8 33. Qc2 Rea8
34. Rb1 Nxd5 35. cxd5 Qxd5 36. Qc3+ Kh7 37. Ne5 R8a7 38. Nc4 Re6 39. Rd3 Qf5
40. Rf1 Rae7 41. Rd8 Rf6 42. Ne3 Qe5 43. Qxe5 Rxe5 44. Rc1 Rf3 45. Kg2 Rf6 46.
Rd5 Ree6 47. Rdxc5 Rd6 48. R1c2 Kg7 49. Nd5 Rfe6 50. Nf4 Re1 51. Rc7 Rdd1 52.
Re2 Rxe2 53. Nxe2 Rd2 54. Kf3 Rd3+ 55. Ke4 Rd2 56. Ke3 Ra2 57. f3 Ra3+ 58. Ke4
Ra4+ 59. Nd4 Kf6 60. Rb7 Ra2 61. Nc6 Rd2 62. Rb5 Rg2 63. Kf4 Rd2 64. Rb4 Rd7
65. Ne5 Ra7 66. g4 hxg4 67. fxg4 Re7 68. Rb6+ Kg7 69. Rd6 f6 70. Nd7 Rf7 71.
Nc5 Kh6 72. Rd7 Rf8 73. Ne6 g5+ 74. Kf5 Rg8 75. h5 Re8 76. Rd8 1-0

[Event "EYg18, Budva YUG"]
[Site "?"]
[Date "2003.??.??"]
[Round "9"]
[White "Papadopoulou, V."]
[Black "Korbut, E."]
[Result "0-1"]
[WhiteElo "2210"]
[BlackElo "2315"]
[PlyCount "110"]
[EventDate "2003.??.??"]

1. d4 Nf6 2. Nf3 c5 3. d5 e6 4. c4 exd5 5. cxd5 d6 6. Nc3 g6 7. Bg5 h6 8. Bh4
g5 9. Bg3 Nh5 10. e3 Nxg3 11. hxg3 Bg7 12. Nd2 Nd7 13. Nde4 Nf6 14. Bb5+ Kf8
15. Nxf6 Bxf6 16. Bd3 b5 17. Nxb5 Bxb2 18. Rb1 Bf6 19. Qd2 Ba6 20. O-O Kg7 21.
Na3 Bc8 22. Qc2 h5 23. Bf5 g4 24. Qe4 Ba6 25. Nc4 Re8 26. Qc2 Qe7 27. Rfd1 Bxc4
28. Qxc4 Be5 29. Rb3 Qg5 30. e4 Rab8 31. Rdb1 Rxb3 32. Qxb3 Qd2 33. Rd1 Qe2 34.
Bd7 c4 35. Qa4 Rb8 36. Rf1 c3 37. Qxa7 Rh8 38. Be6 Rf8 39. f4 c2 40. fxe5 Qxf1+
41. Kxf1 c1=Q+ 42. Ke2 Qb2+ 43. Kf1 Qxe5 44. Bf5 Qxg3 45. Qd4+ Qe5 46. Qxe5+
dxe5 47. d6 Ra8 48. d7 Kf6 49. Kf2 Rxa2+ 50. Kg3 Ke7 51. Kh4 Rxg2 52. Kxh5 g3
53. Kg4 Rg1 54. Kh3 g2 55. Kh2 Rf1 0-1

[Event "EYg18, Budva YUG"]
[Site "?"]
[Date "2003.??.??"]
[Round "9"]
[White "Bronnikova, E."]
[Black "Mijovic, A."]
[Result "1/2-1/2"]
[WhiteElo "2270"]
[BlackElo "2085"]
[PlyCount "60"]
[EventDate "2003.??.??"]

1. e4 c5 2. Nf3 e6 3. d4 cxd4 4. Nxd4 Nf6 5. Nc3 d6 6. Be2 Be7 7. O-O Nc6 8.
Be3 O-O 9. f4 a6 10. a4 Bd7 11. Bf3 Nxd4 12. Qxd4 Bc6 13. Rad1 Rc8 14. Rd2 Qa5
15. f5 b5 16. axb5 axb5 17. fxe6 fxe6 18. e5 b4 19. exf6 Bxf6 20. Qxd6 bxc3 21.
bxc3 Bxf3 22. Qxe6+ Kh8 23. Rxf3 Qa1+ 24. Rf1 Qxc3 25. Qh3 Rce8 26. Re2 Bd4 27.
Rxf8+ Rxf8 28. Bxd4 Qxd4+ 29. Qe3 Qd1+ 30. Re1 Qxc2 1/2-1/2

[Event "EYg18, Budva YUG"]
[Site "?"]
[Date "2003.??.??"]
[Round "9"]
[White "Ciobanu, C."]
[Black "Belko, I."]
[Result "1/2-1/2"]
[WhiteElo "2250"]
[BlackElo "2015"]
[PlyCount "93"]
[EventDate "2003.??.??"]

1. e4 e6 2. d3 c5 3. Nf3 Nc6 4. g3 g6 5. Bg2 Bg7 6. O-O Nge7 7. c3 d6 8. a4 O-O
9. Na3 a6 10. Be3 Rb8 11. d4 cxd4 12. cxd4 h6 13. Qe2 b6 14. Rab1 Bb7 15. b4
Kh7 16. b5 axb5 17. Nxb5 Ra8 18. Qc2 Qd7 19. Rfc1 Rfc8 20. Qd1 Na5 21. Nd2 Rxc1
22. Qxc1 Rc8 23. Qa3 d5 24. Nd6 Rf8 25. Rxb6 Nc8 26. Nxc8 Qxc8 27. e5 Rd8 28.
Qb4 Nc6 29. Qb5 Ba8 30. Nb3 Bf8 31. a5 Qc7 32. f4 Nb4 33. Nc5 Bxc5 34. dxc5 Nc6
35. a6 Kg7 36. Bf1 d4 37. Bf2 Na7 38. Qc4 Qd7 39. Rd6 Qc7 40. Qxd4 Rb8 41. Qa4
Bc6 42. Qc2 Nb5 43. Rxc6 Qxc6 44. Qa4 Na7 45. Qxc6 Nxc6 46. Bd3 Ra8 47. Bb5
1/2-1/2

[Event "EYg18, Budva YUG"]
[Site "?"]
[Date "2003.??.??"]
[Round "9"]
[White "Vranesevic, D."]
[Black "Elek, M."]
[Result "1-0"]
[WhiteElo "2045"]
[BlackElo "1975"]
[PlyCount "99"]
[EventDate "2003.??.??"]

1. e4 c5 2. Nc3 g6 3. f4 Bg7 4. Nf3 e6 5. Bc4 Ne7 6. e5 d5 7. exd6 Qxd6 8. d3
a6 9. a4 O-O 10. O-O Nf5 11. Ne4 Qe7 12. Ne5 Nd7 13. Ng4 h5 14. Ngf2 Nb6 15.
Bb3 Nd5 16. Re1 Qc7 17. Nh3 Bd7 18. a5 Bd4+ 19. Kh1 Nde3 20. Qe2 Ng4 21. c3 Bg7
22. Nhf2 e5 23. Nxg4 hxg4 24. Qf2 Bc6 25. Nxc5 Kh7 26. Ne4 g3 27. Ng5+ Kg8 28.
hxg3 Nh6 29. Bd2 Ng4 30. Qe2 Bd7 31. Bd5 Qc5 32. Bf3 Nf2+ 33. Kh2 f6 34. Ne4
Nxe4 35. Bxe4 Kf7 36. Be3 Rh8+ 37. Kg1 Qd6 38. Qf3 Be6 39. fxe5 Qxe5 40. d4 Qb5
41. d5 Bd7 42. Qe2 Qxe2 43. Rxe2 Bb5 44. Ree1 Bc4 45. Bb6 Rh5 46. d6 Bf8 47.
Rad1 f5 48. Bxb7 Rb8 49. Bd5+ Bxd5 50. Rxd5 1-0

[Event "EYg18, Budva YUG"]
[Site "?"]
[Date "2003.??.??"]
[Round "9"]
[White "Costantini, L."]
[Black "Gutsko, A."]
[Result "0-1"]
[WhiteElo "2075"]
[BlackElo "2180"]
[PlyCount "42"]
[EventDate "2003.??.??"]

1. e4 c6 2. d4 d5 3. Nc3 dxe4 4. Nxe4 Nd7 5. Bc4 Ngf6 6. Ng5 e6 7. Qe2 Nb6 8.
Bd3 c5 9. N1f3 h6 10. Nxf7 Kxf7 11. Ne5+ Kg8 12. Bg6 Bd6 13. Nf7 Qc7 14. Nxh8
Kxh8 15. dxc5 Bxc5 16. Bd2 Nbd5 17. Qf3 Qe5+ 18. Kf1 Bd7 19. c3 Rf8 20. Re1
Bb5+ 21. Bd3 Ne4 0-1

[Event "EYg18, Budva YUG"]
[Site "?"]
[Date "2003.??.??"]
[Round "9"]
[White "Meshcheriakova, E."]
[Black "Seps, M."]
[Result "1-0"]
[WhiteElo "2255"]
[BlackElo "2075"]
[PlyCount "89"]
[EventDate "2003.??.??"]

1. e4 c5 2. Nf3 d6 3. d4 cxd4 4. Nxd4 Nf6 5. Nc3 a6 6. Bc4 e6 7. a4 Be7 8. O-O
O-O 9. Ba2 Qc7 10. f4 b6 11. f5 e5 12. Nde2 Bb7 13. Ng3 Nbd7 14. Bg5 Rac8 15.
Nh5 Qd8 16. Bxf6 Nxf6 17. Nxf6+ Bxf6 18. Bd5 Bxd5 19. Nxd5 Kh8 20. Ra3 Bg5 21.
Rh3 f6 22. Qh5 Bh6 23. Qe2 b5 24. axb5 axb5 25. Rb3 Qe8 26. c3 Rc4 27. Ra1 Qc6
28. Rba3 Ra4 29. Rxa4 bxa4 30. Qc2 Ra8 31. g3 Ra5 32. Kg2 Rxd5 33. exd5 Qxd5+
34. Kh3 e4 35. g4 g6 36. c4 Qc6 37. Qxa4 Qxa4 38. Rxa4 Kg7 39. Ra7+ Kg8 40. Kg2
Bf4 41. h3 gxf5 42. gxf5 h6 43. b4 Kf8 44. b5 Ke8 45. b6 1-0

[Event "EYg18, Budva YUG"]
[Site "?"]
[Date "2003.??.??"]
[Round "9"]
[White "Doibani, L."]
[Black "Bednikova, S."]
[Result "0-1"]
[WhiteElo "2050"]
[BlackElo "2170"]
[PlyCount "60"]
[EventDate "2003.??.??"]

1. e4 c5 2. Nf3 d6 3. d4 cxd4 4. Nxd4 Nf6 5. Nc3 a6 6. Be2 e6 7. O-O Be7 8. Be3
O-O 9. f4 Qc7 10. Kh1 Nbd7 11. g4 Nc5 12. Bf3 Rb8 13. g5 Ne8 14. Qe1 b5 15. a3
Bb7 16. Qg3 Ba8 17. f5 e5 18. Nde2 a5 19. b4 Na4 20. Nxa4 bxa4 21. c3 Qc4 22.
Qg4 d5 23. f6 Bd6 24. Ng3 Qxc3 25. Nf5 g6 26. Nxd6 Nxd6 27. Bc5 dxe4 28. Bg2
Rfd8 29. Rfd1 Bc6 30. Bxd6 Rxd6 0-1